| 000 | 00443cam a2200181ua 4500 | ||
|---|---|---|---|
| 020 | _c2.00 | ||
| 041 |
_amal _h |
||
| 082 |
_a894.812 308 _bNEE/VE |
||
| 100 | _aNeeloor, T P . | ||
| 245 |
_aVellippravukal / _cT P Neeloor. _hTextual Documents |
||
| 250 |
_a1 / _b. |
||
| 260 |
_aQuilon : _bSree Rama Vilasam Press & Book Depot , _c1960. |
||
| 300 | _a198 ; . | ||
| 365 | _a2.00 | ||
| 504 | _a | ||
| 942 | _cBK | ||
| 999 |
_c6569 _d6569 |
||